Concepts of modern physics for IIT-JEE main and advanced / (Record no. 150563)

MARC details
000 -LEADER
fixed length control field 00644nam a22001817a 4500
005 - DATE AND TIME OF LATEST TRANSACTION
control field 20180327105949.0
010 ## - LCCN (DPL NO)
LC control number ENG-122408
020 ## - INTERNATIONAL STANDARD BOOK NUMBER
Terms of availability 295.00
International Standard Book Number 9789387067004
035 ## - SYSTEM CONTROL NUMBER
System control number EN-105940
037 ## - SOURCE OF ACQUISITION
Source of stock number/acquisition DBAD/PUB
082 ## - DEWEY DECIMAL CLASSIFICATION NUMBER
Classification number 530
100 ## - MAIN ENTRY--PERSONAL NAME
Personal name Bahety, Sanjay K.
245 ## - TITLE STATEMENT
Title Concepts of modern physics for IIT-JEE main and advanced /
Statement of responsibility, etc by Sanjay K. Bahety
260 ## - PUBLICATION, DISTRIBUTION, ETC. (IMPRINT)
Place of publication, distribution, etc Chennai
Name of publisher, distributor, etc McGraw Hill Education (India) Private Limited
Date of publication, distribution, etc 2017
270 ## - ADDRESS
City Chennai, Tamil Nadu
Postal code 600116
Address 444/1, Sri Ekambara Naicker Industrial Estate, Alapakkam, Porur,
300 ## - PHYSICAL DESCRIPTION
Extent various pages.
Dimensions 24cm.(pbk)
Other physical details ill.
942 ## - ADDED ENTRY ELEMENTS (KOHA)
Source of classification or shelving scheme Dewey Decimal Classification
Item type English Books
Call number suffix BAH
Classification part 530
Holdings
Withdrawn status Lost status Not for loan Collection code Home library Current library Date acquired Source of acquisition Cost, normal purchase price Full call number Barcode Copy number Cost, replacement price Koha item type
    Not For Loan Non-fiction D.B.Act.Division D.B.Act.Division 27/03/2018 DBAD/PUB 295.00 530 BAH EN-105940 1 295.00 English Books

© Delhi Public Library
Hit Counter
free hit counter